[Event "Plzen, FSB A"]
[Site "?"]
[Date "2001.??.??"]
[Round "1.22"]
[White "Priborsky, J."]
[Black "Virostko, P."]
[Result "0-1"]
[WhiteElo "2046"]
[BlackElo "2294"]
[PlyCount "78"]
[EventDate "2000.??.??"]
[Source "ChessBase"]
[SourceDate "1996.11.15"]

1. e4 e5 2. Nf3 Nc6 3. Bc4 Bc5 4. b4 Bxb4 5. c3 Ba5 6. d4 exd4 7. O-O d6 8. Qb3
Qe7 9. cxd4 Bb6 10. e5 Na5 11. Qd3 Nxc4 12. Qxc4 c6 13. exd6 Qxd6 14. Ba3 Be6
15. Qc1 Qc7 16. Qg5 Ne7 17. Nc3 h6 18. Qxg7 O-O-O 19. Qe5 Nf5 20. Qxc7+ Kxc7
21. Rac1 Kb8 22. Rfd1 Nxd4 23. Nxd4 Bxd4 24. Be7 Rd7 25. Rxd4 Rxd4 26. Bf6 Rhd8
27. a3 R8d7 28. Bxd4 Rxd4 29. g3 a5 30. h4 b5 31. Ne2 Rd2 32. Nf4 Bc4 33. f3
Kc7 34. g4 Kd6 35. Rc3 Rd4 36. Ng2 Rd3 37. Rxd3+ Bxd3 38. Kf2 b4 39. axb4 a4
0-1

[Event "Plzen, FSB A"]
[Site "?"]
[Date "2001.??.??"]
[Round "1.23"]
[White "Jirka, J."]
[Black "Strnad, J."]
[Result "1/2-1/2"]
[WhiteElo "2292"]
[BlackElo "2045"]
[PlyCount "106"]
[EventDate "2000.??.??"]
[Source "ChessBase"]
[SourceDate "1996.11.15"]

1. d4 Nf6 2. c4 g6 3. g3 d5 4. cxd5 Nxd5 5. Bg2 Bg7 6. e4 Nb6 7. Ne2 O-O 8. O-O
e6 9. Nbc3 Nc6 10. e5 h6 11. Ne4 Nd5 12. N2c3 Nce7 13. Qf3 f5 14. exf6 Nxf6 15.
Nxf6+ Rxf6 16. Qe4 c6 17. Bf4 Rxf4 18. Qxf4 Qxd4 19. Qf3 Nd5 20. Rad1 Qb4 21.
Qd3 Qxb2 22. Nxd5 exd5 23. Qxg6 Qf6 24. Qh5 Bf5 25. Rfe1 Bg6 26. Qg4 Rf8 27. f4
Qf5 28. Qxf5 Bxf5 29. Re7 Rf7 30. Rxf7 Kxf7 31. Bf3 Ke6 32. h4 d4 33. g4 Bc2
34. Rd2 d3 35. Be4 Bd4+ 36. Kf1 Be3 37. Rg2 Bxf4 38. g5 hxg5 39. hxg5 Ke5 40.
g6 Bh6 41. g7 Bxg7 42. Rxg7 Kxe4 43. Ke1 b5 44. Rxa7 Kd4 45. Kd2 c5 46. a3 Bb3
47. Rb7 Kc4 48. Rd7 Bc2 49. Rb7 b4 50. axb4 cxb4 51. Ra7 Kb3 52. Kc1 Kc3 53.
Rc7+ Kb3 1/2-1/2

[Event "Plzen, FSB A"]
[Site "?"]
[Date "2001.??.??"]
[Round "1.24"]
[White "Cvikl, M."]
[Black "Folk, P."]
[Result "0-1"]
[WhiteElo "2038"]
[BlackElo "2289"]
[PlyCount "50"]
[EventDate "2000.??.??"]
[Source "ChessBase"]
[SourceDate "1996.11.15"]

1. d4 Nf6 2. Nf3 g6 3. c4 Bg7 4. Nc3 O-O 5. e4 d6 6. Be2 e5 7. O-O Nc6 8. d5
Ne7 9. b4 Nh5 10. Re1 a5 11. Ba3 Nf4 12. Bf1 Bg4 13. h3 Bxf3 14. Qxf3 axb4 15.
Bxb4 c5 16. dxc6 Nxc6 17. Rab1 Nd4 18. Qd1 Qd7 19. Rb2 f5 20. Nb5 Ra6 21. Nxd4
exd4 22. c5 d3 23. e5 Bxe5 24. cxd6 Bxd6 25. Bxd3 Nxd3 0-1

[Event "Plzen, FSB A"]
[Site "?"]
[Date "2001.??.??"]
[Round "1.25"]
[White "Seleljo, D."]
[Black "Porat, I."]
[Result "1/2-1/2"]
[WhiteElo "2273"]
[BlackElo "2013"]
[PlyCount "112"]
[EventDate "2000.??.??"]
[Source "ChessBase"]
[SourceDate "1996.11.15"]

1. e4 c5 2. Nf3 d6 3. d4 cxd4 4. Nxd4 Nf6 5. Nc3 g6 6. Be2 Bg7 7. Be3 O-O 8. f4
Nc6 9. Nb3 Be6 10. g4 Na5 11. g5 Nd7 12. Bd4 Nxb3 13. axb3 Bxd4 14. Qxd4 Qb6
15. Qxb6 Nxb6 16. Rf1 d5 17. f5 gxf5 18. exf5 Bd7 19. O-O-O Bc6 20. h4 e5 21.
fxe6 fxe6 22. Bg4 Rae8 23. Rxf8+ Kxf8 24. Ne2 e5 25. c3 Re7 26. Ng3 Bd7 27. Bh5
Bh3 28. Rh1 Be6 29. Rf1+ Kg7 30. Bd1 Nd7 31. Bc2 e4 32. c4 Rf7 33. Rxf7+ Bxf7
34. cxd5 Bxd5 35. Nxe4 Bxe4 36. Bxe4 Nc5 37. Bc2 h6 38. g6 h5 39. Kd2 Ne6 40.
Ke3 Kf6 41. Ke4 Kxg6 42. Ke5+ Kf7 43. Bd1 Nc5 44. Bxh5+ Ke7 45. Bd1 Nd3+ 46.
Kd4 Nxb2 47. Bc2 a5 48. Kc3 a4 49. b4 a3 50. Bb3 b5 51. Bd5 Kf6 52. Kb3 Nd3 53.
Kxa3 Nxb4 54. Kxb4 Kg6 55. Bf3 Kh6 56. Bd1 Kg6 1/2-1/2

[Event "Plzen, FSB A"]
[Site "?"]
[Date "2001.??.??"]
[Round "1.26"]
[White "Kracik, D."]
[Black "Jedlicka, A."]
[Result "0-1"]
[WhiteElo "2028"]
[BlackElo "2253"]
[PlyCount "76"]
[EventDate "2000.??.??"]
[Source "ChessBase"]
[SourceDate "1996.11.15"]

1. e4 c5 2. d4 cxd4 3. Nf3 d6 4. Nxd4 Nf6 5. Nc3 a6 6. Bg5 e6 7. f4 Be7 8. Qf3
h6 9. Bh4 Qc7 10. O-O-O Nbd7 11. g4 b5 12. Bxf6 Nxf6 13. g5 hxg5 14. fxg5 Nd7
15. g6 Ne5 16. gxf7+ Nxf7 17. Bg2 Ne5 18. Qg3 g5 19. Bh3 Rh6 20. a3 Bd7 21. Nf3
Nc4 22. Bf1 Nxa3 23. bxa3 Qxc3 24. Rd3 Qa1+ 25. Kd2 Rc8 26. Bg2 Qb2 27. Ne1 b4
28. Rb3 Qd4+ 29. Qd3 Qf2+ 30. Kc1 Bb5 31. Qd2 Qxd2+ 32. Kxd2 bxa3 33. Rxa3 d5
34. Rb3 Rf6 35. exd5 Rf2+ 36. Kc1 Ba4 37. Rb2 Ba3 38. Rf1 Rcxc2+ 0-1

[Event "Plzen, FSB A"]
[Site "?"]
[Date "2001.??.??"]
[Round "1.27"]
[White "Novak, P."]
[Black "Snajdr, J."]
[Result "1-0"]
[WhiteElo "2237"]
[BlackElo "2026"]
[PlyCount "51"]
[EventDate "2000.??.??"]
[Source "ChessBase"]
[SourceDate "1996.11.15"]

1. e4 c5 2. Nf3 d6 3. c3 Nf6 4. Be2 Nc6 5. d4 Qc7 6. O-O Bd7 7. Nbd2 e6 8. Re1
Be7 9. Bd3 cxd4 10. Nxd4 Nxd4 11. cxd4 Qb6 12. Nc4 Qd8 13. e5 dxe5 14. dxe5 Nd5
15. Qg4 g6 16. Bh6 b5 17. Ne3 Nxe3 18. Rxe3 Bc6 19. Rc1 Qb6 20. Be4 Bxe4 21.
Qxe4 Rd8 22. Rd3 f5 23. exf6 Bxf6 24. Rxd8+ Kxd8 25. Rc6 Qd4 26. Qxd4+ 1-0

[Event "Plzen, FSB A"]
[Site "?"]
[Date "2001.??.??"]
[Round "1.28"]
[White "Kamenik, M."]
[Black "Plasgura, P."]
[Result "1-0"]
[WhiteElo "2022"]
[BlackElo "2234"]
[PlyCount "115"]
[EventDate "2000.??.??"]
[Source "ChessBase"]
[SourceDate "1996.11.15"]

1. e4 c5 2. Nc3 b6 3. f4 Bb7 4. Nf3 e6 5. b3 d5 6. Bb5+ Bc6 7. O-O Bxb5 8. Nxb5
dxe4 9. Ng5 Nf6 10. Bb2 a6 11. Nc3 h6 12. Ngxe4 Be7 13. Kh1 Nc6 14. d3 O-O 15.
Qd2 Qd7 16. Rae1 b5 17. Rf3 Rfd8 18. Qf2 Nd4 19. Rg3 Nxe4 20. Nxe4 f5 21. Nd2
Bh4 22. Rxg7+ Qxg7 23. Qxh4 Re8 24. Re3 Kh7 25. c3 Nc6 26. Rg3 Qe7 27. Qh5 Rg8
28. Rh3 Qg7 29. Rg3 Qf6 30. Rh3 Qg6 31. Qf3 Qg4 32. Qf1 Rae8 33. Nf3 Rg6 34.
Rh4 Qxh4 35. Nxh4 Rg4 36. g3 Rd8 37. Qe2 Rd6 38. Nf3 Rg7 39. d4 cxd4 40. cxd4
Rc7 41. a3 Rcd7 42. Kg2 Rc7 43. Kh3 Rcd7 44. b4 Rc7 45. d5 exd5 46. Qd3 Rf7 47.
Nh4 Ne7 48. Qd4 Rd8 49. Nf3 Ng6 50. Qb6 Rc8 51. Nd4 Re8 52. Qxa6 Re3 53. Kg2
Rd3 54. Nf3 Rc7 55. Qf6 Rc2+ 56. Kh3 Rc7 57. Be5 Rb7 58. Nh4 1-0

[Event "Plzen, FSB A"]
[Site "?"]
[Date "2001.??.??"]
[Round "1.29"]
[White "Porat, S."]
[Black "Kupka, F."]
[Result "1-0"]
[WhiteElo "2230"]
[BlackElo "2017"]
[PlyCount "61"]
[EventDate "2000.??.??"]
[Source "ChessBase"]
[SourceDate "1996.11.15"]

1. d4 Nf6 2. c4 g6 3. Nc3 Bg7 4. e4 d6 5. Nf3 O-O 6. Be2 Qe8 7. O-O e5 8. d5 a5
9. Ne1 Na6 10. Nd3 Nd7 11. a3 Nac5 12. Nxc5 Nxc5 13. Be3 Na6 14. b4 f5 15. f3
Rf7 16. c5 Bf8 17. cxd6 Bxd6 18. Qb3 Qe7 19. Nb5 axb4 20. Nxd6 Qxd6 21. axb4 f4
22. Bf2 b6 23. Rfc1 Bb7 24. b5 Nc5 25. Rxa8+ Bxa8 26. Qa3 Bb7 27. Qa7 Nb3 28.
Rc2 Bc8 29. Qb8 Qd7 30. d6 Nd4 31. Bxd4 1-0

[Event "Plzen, FSB A"]
[Site "?"]
[Date "2001.??.??"]
[Round "1.30"]
[White "Seeger, W."]
[Black "Bartos, J."]
[Result "1/2-1/2"]
[WhiteElo "2150"]
[BlackElo "2229"]
[PlyCount "60"]
[EventDate "2000.??.??"]
[Source "ChessBase"]
[SourceDate "1996.11.15"]

1. d4 d5 2. Nf3 e6 3. e3 Bd6 4. Nbd2 f5 5. g3 Nd7 6. Bg2 Ngf6 7. O-O O-O 8. c4
c6 9. b3 b6 10. Bb2 Bb7 11. Re1 Qe7 12. Ne5 Ne4 13. Nd3 c5 14. Nxe4 fxe4 15.
Ne5 Bxe5 16. dxe5 Qg5 17. Bxe4 dxe4 18. Qxd7 Qf5 19. Re2 Rf7 20. Qd1 g5 21. Rd2
g4 22. Qe2 h5 23. Rad1 Raf8 24. Bc3 Qg5 25. Rd7 Qf5 26. Rxf7 Rxf7 27. Rd8+ Kg7
28. Qd2 Bc6 29. Rd6 Be8 30. Rd8 Bc6 1/2-1/2

[Event "Plzen, FSB A"]
[Site "?"]
[Date "2001.??.??"]
[Round "2.1"]
[White "Juptner, J."]
[Black "Vokac, M."]
[Result "0-1"]
[WhiteElo "2229"]
[BlackElo "2507"]
[PlyCount "100"]
[EventDate "2000.??.??"]
[Source "ChessBase"]
[SourceDate "1996.11.15"]

1. d4 g6 2. c4 Bg7 3. Nc3 c5 4. d5 d6 5. e4 e6 6. Nf3 exd5 7. cxd5 Ne7 8. Bf4
O-O 9. Bc4 a6 10. a4 Bg4 11. O-O Nc8 12. h3 Qf6 13. Be3 Bxf3 14. Qxf3 Qxf3 15.
gxf3 f5 16. f4 Bxc3 17. bxc3 fxe4 18. Be2 h5 19. a5 Nd7 20. Rfb1 Ra7 21. Ra3
Ne7 22. Rab3 Rb8 23. Rb4 cxb4 24. Bxa7 Ra8 25. Bd4 bxc3 26. Bxc3 Nc5 27. Bd4
Rc8 28. Bxc5 Rxc5 29. Rxb7 Nxd5 30. Bxa6 Rxa5 31. Bc4 Kf8 32. Kf1 Ra1+ 33. Ke2
Nxf4+ 34. Ke3 Nxh3 35. Kxe4 Ra4 36. Rc7 Nxf2+ 37. Kd5 Ra5+ 38. Kxd6 Ne4+ 39.
Ke6 Rf5 40. Bd5 Ng5+ 41. Kd6 Nf7+ 42. Ke6 Kg7 43. Bc4 Re5+ 44. Kd7 Ng5 45. Rc8
Ne4 46. Ra8 h4 47. Ra2 Kh6 48. Rb2 Kg5 49. Rg2+ Kf5 50. Be2 g5 0-1

[Event "Plzen, FSB A"]
[Site "?"]
[Date "2001.??.??"]
[Round "2.2"]
[White "Kacmarik, L."]
[Black "Gross, D."]
[Result "1-0"]
[WhiteElo "2226"]
[BlackElo "2465"]
[PlyCount "81"]
[EventDate "2000.??.??"]
[Source "ChessBase"]
[SourceDate "1996.11.15"]

1. e4 e5 2. Nf3 Nc6 3. Bb5 a6 4. Ba4 Nf6 5. O-O Bc5 6. Nxe5 Nxe5 7. d4 b5 8.
dxe5 Nxe4 9. Bb3 Qh4 10. Qf3 Bb7 11. Qxf7+ Kd8 12. Be3 Bxe3 13. fxe3 Qg5 14.
Qf4 Re8 15. Nc3 Rxe5 16. Bd5 Qxf4 17. exf4 Rxd5 18. Nxe4 Rd4 19. Nc5 Bd5 20.
Rad1 Rxd1 21. Rxd1 c6 22. b3 b4 23. a3 a5 24. axb4 axb4 25. Nd3 Rb8 26. Ra1 Be4
27. Kf2 Rb5 28. Ke3 Bf5 29. h3 h5 30. Ra7 h4 31. Ra8+ Ke7 32. Rh8 d5 33. Rxh4
c5 34. Rh5 g6 35. Rh7+ Kd6 36. g4 Be6 37. Ne5 c4 38. Kd4 cxb3 39. cxb3 Ra5 40.
Rb7 Ra1 41. Rb6+ 1-0

[Event "Plzen, FSB A"]
[Site "?"]
[Date "2001.??.??"]
[Round "2.3"]
[White "Havranek, M."]
[Black "Tolstich, N."]
[Result "0-1"]
[WhiteElo "2175"]
[BlackElo "2436"]
[PlyCount "106"]
[EventDate "2000.??.??"]
[Source "ChessBase"]
[SourceDate "1996.11.15"]

1. e4 c6 2. d4 d5 3. e5 c5 4. c3 Nc6 5. f4 cxd4 6. cxd4 Bf5 7. Bd3 Nh6 8. Nf3
e6 9. O-O Qb6 10. Kh1 Be7 11. Nc3 Rc8 12. a3 Bg4 13. Ne2 Bf5 14. b4 Bxd3 15.
Qxd3 O-O 16. Bd2 Nb8 17. h3 Qa6 18. Qxa6 Nxa6 19. Rfc1 f5 20. Rxc8 Rxc8 21. Rc1
Rxc1+ 22. Nxc1 Nf7 23. Nb3 Nd8 24. Ne1 Nc7 25. Kg1 Na8 26. Nc2 Nb6 27. Na5 Na4
28. Kf1 b6 29. Nb3 a6 30. Ke2 h6 31. Nc1 Kf7 32. Na2 g5 33. g3 Nb2 34. Nc3 Nc4
35. Bc1 b5 36. Ne3 Nb6 37. Kd3 gxf4 38. gxf4 Kg6 39. Ne2 Nc6 40. Bd2 Bh4 41.
Nc3 Bf2 42. Ncd1 Bxe3 43. Bxe3 Nc4 44. Bc1 Kh5 45. Nf2 Kh4 46. Kc3 h5 47. Nd3
Kxh3 48. Nc5 Nd8 49. Bd2 Nxd2 50. Kxd2 h4 51. Ke2 Kg2 52. Nd3 h3 53. Ne1+ Kg3
0-1

[Event "Plzen, FSB A"]
[Site "?"]
[Date "2001.??.??"]
[Round "2.4"]
[White "Eretova, J."]
[Black "Cvek, R."]
[Result "0-1"]
[WhiteElo "2189"]
[BlackElo "2411"]
[PlyCount "82"]
[EventDate "2000.??.??"]
[Source "ChessBase"]
[SourceDate "1996.11.15"]

1. Nf3 c5 2. g3 Nc6 3. Bg2 g6 4. d3 Bg7 5. O-O d6 6. c3 e5 7. e4 Nge7 8. Nbd2
O-O 9. a4 h6 10. Nc4 Be6 11. Re1 f5 12. Qe2 g5 13. h3 f4 14. g4 Ng6 15. b4 cxb4
16. cxb4 Nh4 17. Bb2 Nxb4 18. Ba3 Nxf3+ 19. Bxf3 Nc6 20. Qb2 Nd4 21. Bd1 Bxc4
22. dxc4 Qd7 23. f3 Rfc8 24. Rc1 Rc6 25. a5 Rac8 26. Be2 Qc7 27. c5 dxc5 28.
Bc4+ Kh8 29. Qc3 b5 30. axb6 axb6 31. Bd5 Rd6 32. Kg2 Qd8 33. Bb2 b5 34. Ra1
Rxd5 35. exd5 Qxd5 36. Qd3 c4 37. Qe4 Qxe4 38. Rxe4 b4 39. Ra7 c3 40. Bc1 b3
41. Rb7 Ra8 0-1

[Event "Plzen, FSB A"]
[Site "?"]
[Date "2001.??.??"]
[Round "2.5"]
[White "Chytilek, R."]
[Black "Hrbolka jr., L."]
[Result "1/2-1/2"]
[WhiteElo "2411"]
[BlackElo "2197"]
[PlyCount "59"]
[EventDate "2000.??.??"]
[Source "ChessBase"]
[SourceDate "1996.11.15"]

1. Nf3 Nf6 2. c4 g6 3. Nc3 Bg7 4. e4 d6 5. d4 O-O 6. Be2 e5 7. O-O Na6 8. Be3
Ng4 9. Bg5 Qe8 10. h3 h6 11. Bh4 Nf6 12. dxe5 dxe5 13. a3 Nc5 14. Qc2 Nh5 15.
Nd5 Ne6 16. Be7 c6 17. Bxf8 Qxf8 18. Ne3 Nef4 19. Nh2 Nxe2+ 20. Qxe2 f5 21.
Rfd1 Be6 22. Qd2 Nf4 23. Nhf1 h5 24. Ng3 Bh6 25. Qd6 Qf6 26. exf5 gxf5 27. Re1
Rd8 28. Qc7 Rd7 29. Qb8+ Kh7 30. Rad1 1/2-1/2

[Event "Plzen, FSB A"]
[Site "?"]
[Date "2001.??.??"]
[Round "2.6"]
[White "Galicek, S."]
[Black "Vesselovsky, S."]
[Result "0-1"]
[WhiteElo "2172"]
[BlackElo "2405"]
[PlyCount "106"]
[EventDate "2000.??.??"]
[Source "ChessBase"]
[SourceDate "1996.11.15"]

1. d4 Nf6 2. c4 e6 3. Nc3 Bb4 4. e3 b6 5. Nge2 Ba6 6. Ng3 Bxc3+ 7. bxc3 d5 8.
Ba3 dxc4 9. e4 Qd7 10. Be2 Nc6 11. O-O O-O-O 12. Qc2 h5 13. Rfd1 Ne7 14. Bc1
Rdg8 15. a4 h4 16. Nf1 Qc6 17. Bf3 g5 18. d5 Qd7 19. d6 Nc6 20. Ba3 Ne5 21.
dxc7 Qxc7 22. Bd6 Nxf3+ 23. gxf3 Qc6 24. Be5 Nd7 25. Bxh8 Rxh8 26. a5 b5 27.
Qd2 Ne5 28. Qe3 Bb7 29. a6 Bxa6 30. Rxa6 Qxa6 31. Qc5+ Nc6 32. Rd6 Kb7 33. Rd7+
Ka8 34. Rc7 Rc8 35. Rxc8+ Qxc8 36. Qxb5 f6 37. Qxc4 Qd7 38. Qc5 Kb7 39. Ne3 Ne5
40. Kg2 Nd3 41. Qc4 Nf4+ 42. Kg1 a5 43. Qb3+ Ka6 44. c4 Qb7 45. Qd1 Qb4 46. Nc2
Qxc4 47. Qd6+ Kb7 48. Qd7+ Kb6 49. Qd6+ Qc6 50. Qd8+ Ka6 51. Qd2 Qb6 52. Qd1
Qc5 53. Nd4 Qxd4 0-1

[Event "Plzen, FSB A"]
[Site "?"]
[Date "2001.??.??"]
[Round "2.7"]
[White "Simacek, P."]
[Black "Hitzgerova, G."]
[Result "1-0"]
[WhiteElo "2404"]
[BlackElo "2191"]
[PlyCount "47"]
[EventDate "2000.??.??"]
[Source "ChessBase"]
[SourceDate "1996.11.15"]

1. e4 c5 2. Nf3 d6 3. d4 cxd4 4. Nxd4 Nf6 5. Nc3 Nc6 6. Bc4 e6 7. Be3 a6 8. Qe2
Qc7 9. Bb3 b5 10. Nxc6 Qxc6 11. Bg5 Qc5 12. f4 h6 13. Bxf6 gxf6 14. e5 f5 15.
g4 Rg8 16. O-O-O dxe5 17. gxf5 Be7 18. fxe6 fxe6 19. Qh5+ Kf8 20. Qxh6+ Kf7 21.
Qh5+ Kf8 22. fxe5 Rg7 23. Qh8+ Kf7 24. Rdf1+ 1-0

[Event "Plzen, FSB A"]
[Site "?"]
[Date "2001.??.??"]
[Round "2.8"]
[White "Vales, V."]
[Black "Cioara, A."]
[Result "1-0"]
[WhiteElo "2159"]
[BlackElo "2403"]
[PlyCount "107"]
[EventDate "2000.??.??"]
[Source "ChessBase"]
[SourceDate "1996.11.15"]

1. d4 Nf6 2. c4 e6 3. Nc3 Bb4 4. e3 b6 5. Nge2 Ba6 6. Qa4 c5 7. a3 Bxc3+ 8.
Nxc3 O-O 9. Qd1 d5 10. cxd5 Bxf1 11. Kxf1 exd5 12. g3 Nc6 13. Kg2 Re8 14. Ne2
Rc8 15. b3 Qe7 16. Ra2 Qe6 17. f3 g5 18. h3 Na5 19. Re1 c4 20. b4 Nb3 21. Nc3
Qf5 22. Nb5 Qd7 23. Nc3 Qf5 24. Nb5 Qb1 25. Rae2 Re7 26. Kf2 a6 27. Nc3 Qd3 28.
Rc2 Na1 29. Nxd5 Qxd1 30. Nxe7+ Kf8 31. Rxd1 Kxe7 32. Ra2 Nb3 33. e4 h6 34. Be3
Nd7 35. Rc2 b5 36. Rb1 f6 37. Rxb3 cxb3 38. Rxc8 b2 39. Rc1 bxc1=Q 40. Bxc1 Nb6
41. f4 gxf4 42. g4 Nc4 43. Kf3 Ke6 44. Kxf4 Nd6 45. d5+ Kf7 46. e5 fxe5+ 47.
Kxe5 Ke7 48. h4 Nf7+ 49. Kd4 Kd7 50. Bf4 Ke8 51. g5 hxg5 52. hxg5 Nh8 53. Ke4
Kd7 54. g6 1-0

[Event "Plzen, FSB A"]
[Site "?"]
[Date "2001.??.??"]
[Round "2.9"]
[White "Gross, S."]
[Black "Bender, I."]
[Result "1/2-1/2"]
[WhiteElo "2391"]
[BlackElo "2183"]
[PlyCount "84"]
[EventDate "2000.??.??"]
[Source "ChessBase"]
[SourceDate "1996.11.15"]

1. c4 e6 2. d4 d5 3. Nc3 Nf6 4. Bg5 Be7 5. e3 O-O 6. Nf3 h6 7. Bh4 b6 8. Bd3
Bb7 9. O-O Nbd7 10. Qe2 c5 11. Rfd1 a6 12. cxd5 exd5 13. Rac1 Re8 14. Bf5 c4
15. Ne5 b5 16. a3 Qc7 17. f4 Nf8 18. Qf3 Rad8 19. g4 Ne4 20. Qh3 Nxc3 21. Rxc3
a5 22. Bf2 b4 23. axb4 axb4 24. Rcc1 Rd6 25. Qg3 f6 26. Ng6 Nxg6 27. Bxg6 Ra8
28. Bb1 Re6 29. e4 Rxe4 30. Bxe4 dxe4 31. Qe3 Bd6 32. Bg3 Ra2 33. Rd2 Bd5 34.
Kf2 Qa5 35. f5 Be7 36. Qe2 Qa4 37. Rxc4 e3+ 38. Qxe3 Bxc4 39. Qxe7 Ra1 40. d5
Rf1+ 41. Kg2 Rd1 42. Rxd1 Qxd1 1/2-1/2

[Event "Plzen, FSB A"]
[Site "?"]
[Date "2001.??.??"]
[Round "2.10"]
[White "Jedlicka, J."]
[Black "Dolezal, R."]
[Result "1/2-1/2"]
[WhiteElo "2155"]
[BlackElo "2390"]
[PlyCount "95"]
[EventDate "2000.??.??"]
[Source "ChessBase"]
[SourceDate "1996.11.15"]

1. d4 Nf6 2. Nf3 e6 3. c4 b6 4. g3 c6 5. Bg2 d5 6. O-O Be7 7. Nc3 O-O 8. Ne5
Bb7 9. b3 Nbd7 10. Nxd7 Nxd7 11. cxd5 cxd5 12. Bf4 g5 13. Be3 f5 14. Qd2 Rf7
15. Nd1 a5 16. Nb2 Bb4 17. Qd1 Bc3 18. Rb1 f4 19. Bc1 Qf6 20. gxf4 gxf4 21. Nd3
Qxd4 22. Bxf4 Ba6 23. Bg3 b5 24. Bh3 Re8 25. Qc1 b4 26. Rd1 Qe4 27. Qe3 Qxe3
28. fxe3 Bxd3 29. exd3 Nc5 30. Bd6 Nb7 31. Bg3 e5 32. Rf1 Nc5 33. Rxf7 Kxf7 34.
Rd1 Kg6 35. Kf2 d4 36. e4 a4 37. Ke2 axb3 38. axb3 Nxb3 39. Rf1 Nc5 40. Bh4 b3
41. Bf5+ Kg7 42. Rg1+ Kf7 43. Bxh7 Ke6 44. Rg8 Rxg8 45. Bxg8+ Kd6 46. Bg5 b2
47. Ba2 Ne6 48. h4 1/2-1/2

[Event "Plzen, FSB A"]
[Site "?"]
[Date "2001.??.??"]
[Round "2.11"]
[White "Nun, J."]
[Black "Hallerova, E."]
[Result "1/2-1/2"]
[WhiteElo "2389"]
[BlackElo "2151"]
[PlyCount "81"]
[EventDate "2000.??.??"]
[Source "ChessBase"]
[SourceDate "1996.11.15"]

1. e4 Nf6 2. e5 Nd5 3. d4 d6 4. Bc4 c6 5. Qf3 e6 6. Qg3 Qc7 7. Ne2 dxe5 8. dxe5
Nd7 9. f4 N7b6 10. Bb3 c5 11. c4 Ne7 12. Nbc3 Bd7 13. Qf2 h5 14. Ng3 h4 15.
Nge4 Nf5 16. Be3 Rc8 17. O-O-O Nxe3 18. Qxe3 Be7 19. g4 Bc6 20. Rhg1 Bxe4 21.
Nxe4 Rd8 22. g5 g6 23. Nf6+ Bxf6 24. gxf6 Rd7 25. Qc3 Kd8 26. Bc2 Kc8 27. Rxd7
Nxd7 28. Bd1 Nb8 29. Bf3 Nc6 30. h3 Nd4 31. Bd1 Qc6 32. Qe3 Kc7 33. b3 Rd8 34.
Qf2 Qe4 35. Re1 Qd3 36. Re3 Nxb3+ 37. Bxb3 Qd4 38. Kc2 a5 39. Qe1 a4 40. Qa5+
Kc8 41. Qa8+ 1/2-1/2

[Event "Plzen, FSB A"]
[Site "?"]
[Date "2001.??.??"]
[Round "2.12"]
[White "Chrz, P."]
[Black "Michalek, J."]
[Result "1-0"]
[WhiteElo "2151"]
[BlackElo "2365"]
[PlyCount "82"]
[EventDate "2000.??.??"]
[Source "ChessBase"]
[SourceDate "1996.11.15"]

1. e4 c5 2. Nf3 Nc6 3. d4 cxd4 4. Nxd4 Nf6 5. Nc3 e5 6. Ndb5 d6 7. Bg5 a6 8.
Na3 b5 9. Nd5 Be7 10. Bxf6 Bxf6 11. c3 O-O 12. Nc2 Rb8 13. b4 a5 14. a4 bxa4
15. b5 Ne7 16. Nce3 Nxd5 17. Nxd5 Bb7 18. Rxa4 Bg5 19. h4 Bh6 20. Be2 Rc8 21.
Rh3 Rc5 22. c4 f5 23. g4 Bxd5 24. exd5 fxg4 25. Bxg4 Rf4 26. Be6+ Kh8 27. Qh5
Rd4 28. Kf1 Bd2 29. Bf5 Bh6 30. b6 Qf8 31. b7 g6 32. Qxh6 Qxh6 33. b8=Q+ Kg7
34. Qb7+ Kh8 35. Be6 Qc1+ 36. Kg2 Rf4 37. Qb8+ Kg7 38. Qg8+ Kh6 39. h5 g5 40.
Rg3 Rh4 41. Qf8+ Kxh5 1-0

[Event "Plzen, FSB A"]
[Site "?"]
[Date "2001.??.??"]
[Round "2.14"]
[White "Porat, D."]
[Black "Lys, J."]
[Result "0-1"]
[WhiteElo "2145"]
[BlackElo "2353"]
[PlyCount "54"]
[EventDate "2000.??.??"]
[Source "ChessBase"]
[SourceDate "1996.11.15"]

1. d4 f5 2. g3 Nf6 3. Bg2 e6 4. Nf3 Be7 5. O-O O-O 6. c4 d6 7. b3 Qe8 8. Bb2
Nbd7 9. Re1 Qg6 10. e3 Ne4 11. Nc3 Ndf6 12. Nd2 d5 13. f3 Ng5 14. e4 f4 15.
exd5 fxg3 16. hxg3 Nh5 17. Nde4 Nxg3 18. Nxg5 Bxg5 19. dxe6 Bxe6 20. Ne4 Nxe4
21. Rxe4 Bf5 22. Re5 Bf4 23. Re7 Bd6 24. Re2 Qg3 25. Rd2 Bh3 26. Rf2 Qh2+ 27.
Kf1 Rae8 0-1

[Event "Plzen, FSB A"]
[Site "?"]
[Date "2001.??.??"]
[Round "2.15"]
[White "Freisler, P."]
[Black "Scheidt, K."]
[Result "1-0"]
[WhiteElo "2350"]
[BlackElo "2123"]
[PlyCount "79"]
[EventDate "2000.??.??"]
[Source "ChessBase"]
[SourceDate "1996.11.15"]

1. Nf3 g6 2. g3 Bg7 3. d4 Nf6 4. Bg2 O-O 5. c4 d6 6. O-O c5 7. b3 Nc6 8. Bb2
Ne4 9. Nbd2 Bf5 10. e3 Nxd2 11. Qxd2 Be4 12. Rad1 e5 13. d5 Ne7 14. Bc3 h6 15.
Nh4 Bxg2 16. Nxg2 f5 17. Qb2 g5 18. f4 Ng6 19. Rf2 Qd7 20. Rdf1 g4 21. fxe5
dxe5 22. e4 fxe4 23. Qc2 Rxf2 24. Rxf2 Rf8 25. Rxf8+ Nxf8 26. Qxe4 Nh7 27. Ne3
h5 28. Qg6 Qf7 29. Qxf7+ Kxf7 30. Nf5 Ng5 31. Nd6+ Kg6 32. Nxb7 Nf3+ 33. Kg2 e4
34. Bxg7 Kxg7 35. d6 e3 36. Kf1 Ne5 37. Nxc5 Kf7 38. Ke2 Nf3 39. d7 Ke7 40. h4
1-0

[Event "Plzen, FSB A"]
[Site "?"]
[Date "2001.??.??"]
[Round "2.16"]
[White "Vaculik, M."]
[Black "Krapivin, V."]
[Result "1/2-1/2"]
[WhiteElo "2144"]
[BlackElo "2339"]
[PlyCount "112"]
[EventDate "2000.??.??"]
[Source "ChessBase"]
[SourceDate "1996.11.15"]

1. e4 d6 2. Nf3 Nf6 3. Nc3 e5 4. d4 Nbd7 5. Bc4 Be7 6. O-O O-O 7. a4 a5 8. Re1
c6 9. h3 h6 10. Be3 Re8 11. Qd2 Nh7 12. Rad1 Bf6 13. Nh2 Ndf8 14. f4 exf4 15.
Bxf4 Ng6 16. Be3 Bg5 17. Qf2 Qf6 18. Qxf6 Bxe3+ 19. Rxe3 Nxf6 20. Rde1 Be6 21.
Bxe6 Rxe6 22. Nf3 Rae8 23. Kf2 Nf4 24. Nd2 d5 25. Kf3 g5 26. e5 Nd7 27. g3 Ng6
28. Nb3 b6 29. Nd1 h5 30. Nf2 c5 31. c3 c4 32. Nd2 Kh7 33. Nb1 f6 34. exf6
Rxe3+ 35. Rxe3 Rxe3+ 36. Kxe3 Nxf6 37. Nd2 g4 38. hxg4 hxg4 39. b3 cxb3 40.
Nxb3 Kh6 41. Kd3 Kg5 42. c4 Ne7 43. cxd5 Nexd5 44. Kc4 Nc7 45. Nd2 Kf5 46. Nf1
Nfd5 47. Nh2 Ne3+ 48. Kd3 Ncd5 49. Nhxg4 Nxg4 50. Nxg4 Kxg4 51. Kc4 Nc7 52. d5
Kxg3 53. d6 Ne6 54. Kb5 Kf4 55. Kxb6 Ke5 56. Kxa5 Kxd6 1/2-1/2

[Event "Plzen, FSB A"]
[Site "?"]
[Date "2001.??.??"]
[Round "2.17"]
[White "Rodkin, R."]
[Black "Bujnoch, R."]
[Result "0-1"]
[WhiteElo "2314"]
[BlackElo "2120"]
[PlyCount "74"]
[EventDate "2000.??.??"]
[Source "ChessBase"]
[SourceDate "1996.11.15"]

1. c4 c5 2. Nc3 g6 3. Nf3 Bg7 4. g3 Nc6 5. Bg2 e6 6. O-O Nge7 7. d3 d5 8. cxd5
Nxd5 9. Bd2 O-O 10. Nxd5 exd5 11. Bc3 d4 12. Bd2 Be6 13. Qc1 b6 14. Ng5 Bd5 15.
Ne4 f5 16. Ng5 Bxg2 17. Kxg2 Qd5+ 18. Kg1 Rae8 19. Nh3 Qf7 20. Re1 Ne5 21. b3
Re7 22. Bf4 Rfe8 23. Bxe5 Rxe5 24. Kf1 Qb7 25. f3 h6 26. Qc4+ Kh7 27. b4 Qe7
28. Ng1 cxb4 29. Rab1 a5 30. a3 Rc5 31. Qa6 bxa3 32. Rxb6 a2 33. Rb2 Qf7 34.
Ra1 Rec8 35. Rbxa2 Rc1+ 36. Kg2 Qb3 37. Qxa5 Qd1 0-1

[Event "Plzen, FSB A"]
[Site "?"]
[Date "2001.??.??"]
[Round "2.18"]
[White "Kriz, L."]
[Black "Trickov, V."]
[Result "0-1"]
[WhiteElo "2139"]
[BlackElo "2313"]
[PlyCount "46"]
[EventDate "2000.??.??"]
[Source "ChessBase"]
[SourceDate "1996.11.15"]

1. e4 c5 2. Nc3 d6 3. f4 Nc6 4. Nf3 g6 5. d4 cxd4 6. Nxd4 Bg7 7. Bb5 Bd7 8. Be3
Nf6 9. O-O Ng4 10. Nxc6 bxc6 11. Bd4 e5 12. fxe5 dxe5 13. Bc4 exd4 14. Bxf7+
Ke7 15. Qd2 dxc3 16. Qg5+ Bf6 17. Rxf6 Nxf6 18. Bb3 Qb6+ 19. Kh1 Rhf8 20. e5
Qf2 21. Rd1 Rad8 22. h3 Be6 23. exf6+ Rxf6 0-1